Análisis de la interpretación CINIIF- IFRIC 4
Guardado en:
| Autor principal: | |
|---|---|
| Formato: | Desconocido |
| Aporte de: | Registro referencial: Solicitar el recurso aquí |
| LEADER | 00319 a2200109 4500 | ||
|---|---|---|---|
| 001 | ART_7152 | ||
| 005 | 20260410161622.0 | ||
| 008 | 260409a | ||
| 245 | 1 | 0 | |a Análisis de la interpretación CINIIF- IFRIC 4 |
| 100 | 1 | |a López Bukovac, Juan Pablo | |
| 773 | 0 | |t Enfoques |g - Nº 6 (jun. 2011) |w REV416 | |
| 999 | |c 11685 |d 11685 | ||